La teoría y el arte de la traducción /
Uloženo v:
| Hlavní autor: | |
|---|---|
| Médium: | Neznámo |
| Témata: | |
| Tagy: |
Přidat tag
Žádné tagy, Buďte první, kdo vytvoří štítek k tomuto záznamu!
|
MARC
| LEADER | 000000000a22000000004500 | ||
|---|---|---|---|
| 001 | 005715 | ||
| 100 | 1 | |a Newmark, Peter | |
| 245 | 1 | 3 | |a La teoría y el arte de la traducción / |c Peter Newmark. |
| 310 | |a semestral | ||
| 650 | 4 | |a TRADUCCIÓN E INTERPRETACIÓN | |
| 650 | 4 | |a HISTORIA Y CRÍTICA | |
| 773 | 0 | |d Heredia, Costa Rica : Editorial de la Universidad Nacional |t Letras |g número 23-24 (1990), páginas 27-58 | |
| 942 | |c ARC | ||
| 999 | |c 12469 |d 12469 | ||
